000 00712 a2200265 4500
005 20260430110418.0
008 260429b |||||||| |||| 00| 0 eng d
020 _a9781071314174
_c€ 59.99
040 _aMAIN
082 _a519.5
_bJ233I(2)
100 _aJames, Gareth
245 _aIntroduction to statistical learning: With applications in R
250 _a2nd
260 _bSpringer
_c2021
_aNew York
300 _axv, 607
440 _aSpringer texts in statistics
650 _aStatistical Learning
650 _aMachine Learning
650 _aData Mining
650 _aStatistics
700 _aWitten, Daniela
700 _aHastie, Trevor
700 _aTibshirani, Robert
942 _cBK
999 _c397184
_d397184